000 00469nam a2200181Ia 4500
005 20250326141131.0
008 250326s9999 xx 000 0 und d
037 _aTextbook
040 _aFMSL
_beng
_cFMSL
041 _aeng
_2eng
084 _aX:8:(03) N7
_qFMSL
100 _aVolard S
_9743782
245 0 _aTakeover
_cVolard S
260 _aEngland
_bEngland, Gower
_c1997
300 _a265p
942 _cTB
_hX:8:(03) N7
999 _c1288854
_d1288854